Responses for Jeopardy! Masters game #16 - Monday, May 22, 2023

2023 Jeopardy! Masters semifinal game 2.

Contestants

[<< previous game]

Mattea Roach, a writer and podcaster from Toronto, Ontario, Canada

Andrew He, a software developer from San Francisco, California

James Holzhauer, a self-described game show villain from Las Vegas, Nevada

[next game >>]

Jeopardy! Round responses

THE ARTS
THE REST IS HISTORY
PICKING UP THE CZECH
GEMS
POP GOES THE MUSIC
THE 2 SAME-SPELLED WORDS
(Ken: And I'm gonna need you each to say both pronunciations, please.)
    200 30
(Andrew: Who is Hudson?)

Viola Davis

JamesAndrew
    200 22
JFK

James
    200 18
contact lenses

Mattea
    200 14
a diamond

Mattea
    200 13
Tony Bennett

James
    200 27
(Ken: Yes, you did well in that category.)

refuse (REH-fuse) & refuse (re-FUZE)

Mattea
    400 29
clavier

Andrew
    400 21
Washington slept here

Triple Stumper
    400 17
the Prague Spring

James
    400 8
Burton

Andrew
    400 12
"Umbrella"

James
    400 26
tear (TARE) & tear (TIER)

Mattea
    600 28
Klimt

James
    600 20
McClellan

James
    600 16
Jaromir Jagr

James
    600 7
jade

James
    600 11
the Black Eyed Peas

James
    600 25
bass (BASS) & bass (BASE)

James
    800 3
[Ken recognizes James as "Holzhauer-san", prompting James to laugh before giving his response.]

Miyazaki

James
    800 19
Attila the Hun

James
    800 15
Havel

James
    1,800 6
(Ken: Tanzanite is from Tanzania, yes. You double your points.)

Kilimanjaro

James
    800 10
(Mattea: [Gesturing to James] For once I got it.)
(James: [Laughs] Ha-hey.)
(Ken: [Overlapping] --Canadian over James. I love it.)

Bublé

Mattea
    800 24
produce (proh-DOOS) & produce (PROH-doos or PRAH-doos)

Triple Stumper
    1000 2
Nijinsky

Mattea
    1000 1
(Ken: Let's show our viewers at home who care to know where is the Daily Double in this round. [Beep boop] There we see it.)

Georges Danton

Triple Stumper
    1000 4
the Sudetenland

Andrew
    1000 5
turquoise

James
    1000 9
save the last dance for me

James
    1000 23
row (ROE) & row (rOW)

Mattea

Scores at the end of the Jeopardy! Round:

James Andrew Mattea
11,200 1,600 3,800

Double Jeopardy! Round responses

CITIES & TOWNS
LOVE LETTERS
A LIFE IN SCIENCE
PORTMANTEAUS
FAMOUS FOLKS
THE MAXIMUM ALLOWED
    400 30
Bolivia

James
    400 29
Zelda Fitzgerald

Andrew
    400 28
a neutron

Mattea
    400 24
mansplain

Andrew
    400 19
Shonda Rhimes

Mattea
    400 18
a 401(k)

Mattea
    800 3
Canterbury

Mattea
    800 14
Bosie Douglas

Mattea
    800 27
mesozoic

Andrew
    800 23
a spork

James
    800 10
Riley Keough

Mattea
    800 17
axle

Mattea
    1200 2
Sturgis

James
    1200 7
Sherwood Anderson

Andrew
    1200 26
(Mattea: What's ichthyosaur?)

plesiosaur

JamesMattea
    1200 22
slithy

James
    1200 6
(Ken: I thought you might get the TikToker. Yes.)
(Mattea: I don't have TikTok.)
[Laughter]

Addison Rae

Mattea
    1200 16
Nikola Jokic

James
    1600 1
(Ken: There are two Daily Doubles in this round; you in the home audience can see where they are now, if you so choose. [Beep boop] There they are.)

the Neva

James
    1600 11
(Lady) Hamilton

Andrew
    4,600 5
Joule

Mattea
    1600 21
the Imagineering Department

Triple Stumper
    1600 8
(Andrew: Who is Spelling?)

Darren Star

Andrew
Triple Stumper
    8,000 15
supersaturation

Mattea
    2000 4
New Rochelle, New York & La Rochelle, France

Triple Stumper
    2000 13
Heidegger

Mattea
    2000 25
Alessandro Volta

Triple Stumper
    2000 20
Abenomics

Mattea
    2000 12
Sutton Foster

Mattea
    2000 9
millisieverts

Andrew

Scores at the end of the Double Jeopardy! Round:

James Andrew Mattea
18,800 6,400 26,800

[wagering suggestions for these scores]

Final Jeopardy! Round responses

HISTORIC SHIPS
(Ken: [To Andrew] That's the ship on which Francis Drake circumnavigated the Earth.)
AndrewWhat is the Golden Hinde?
6,084
JamesWhat is Golden Hind
5,900
MatteaWhat is the Hartford?
10,801
the Golden Hind

Final scores:

James Andrew Mattea
24,700 12,484 15,999
Winner: 6 match points 3rd place: 1 match point 2nd place: 1 match point

Game dynamics:

Coryat scores:

James Andrew Mattea
17,800 6,400 17,400
24 R
(including 1 DD),
0 W
9 R,
2 W
20 R
(including 2 DDs),
1 W

Combined Coryat: 41,600

[game clues] [game scores] [suggest correction]

Game tape date: 2023-05-15
The J! Archive is created by fans, for fans. Scraping, republication, monetization, and malicious use prohibited; this site may use cookies and collect identifying information. See terms. The Jeopardy! game show and all elements thereof, including but not limited to copyright and trademark thereto, are the property of Jeopardy Productions, Inc. and are protected under law. This website is not affiliated with, sponsored by, or operated by Jeopardy Productions, Inc. Join the discussion at JBoard.tv.